[Event "Mondiale Lampo FIDE 2019"]
[Site "Mosca"]
[Date "30.12.2019"]
[Round "19.19"]
[White "Nepomniachtchi, Ian"]
[Black "Grachev, Boris"]
[Result "1-0"]
[WhiteTitle "GM"]
[BlackTitle "GM"]
[WhiteElo "2767"]
[BlackElo "2614"]
[WhiteFideId "4168119"]
[BlackFideId "4129199"]
[EventDate "2019.12.29"]

1. e4 c5 2. Nf3 e6 3. d4 cxd4 4. Nxd4 Nf6 5. Nc3 Nc6 6. g3 Bb4 7. Bg2 O-O 8. O-O
d6 9. Nde2 a6 10. h3 Bc5 11. Kh2 Qc7 12. Bg5 Nd7 13. a4 Nde5 14. b3 Ng6 15. Qd2
Bd7 16. Rad1 Rac8 17. Na2 h6 18. Be3 Rfd8 19. Nac1 Be8 20. Nd3 Bxe3 21. Qxe3
Nce5 22. Nxe5 dxe5 23. c3 Bc6 24. Nc1 Rxd1 25. Rxd1 Rd8 26. Rxd8+ Qxd8 27. Qd3
Qe7 28. Qc2 Nf8 29. b4 Qd7 30. a5 Qd6 31. Qd3 Qxd3 32. Nxd3 Nd7 33. Kg1 Kf8 34.
f3 Ke7 35. Kf2 Kd6 36. Ke3 g5 37. Nb2 f5 38. g4 f4+ 39. Kd2 Bb5 40. c4 Bc6 41.
Bf1 Nb8 42. Nd3 Nd7 43. Kc3 Ke7 44. Nb2 Nb8 45. b5 Be8 46. Kb4 Kd6 47. Nd3 axb5
48. cxb5 Nd7 49. Nb2 Kc7 50. b6+ Kd6 51. Bb5 Nf6 52. Nc4+ Ke7 53. a6 bxa6 54. b7
axb5 55. Nxe5 1-0

[Event "Mondiale Lampo FIDE 2019"]
[Site "Mosca"]
[Date "30.12.2019"]
[Round "19.20"]
[White "Indjic, Aleksandar"]
[Black "Andriasian, Zaven"]
[Result "1-0"]
[WhiteTitle "GM"]
[BlackTitle "GM"]
[WhiteElo "2619"]
[BlackElo "2611"]
[WhiteFideId "911925"]
[BlackFideId "13302000"]
[EventDate "2019.12.29"]

1. d4 Nf6 2. Nf3 g6 3. Bg5 Bg7 4. Nbd2 O-O 5. c3 d6 6. e3 Nc6 7. Bd3 e5 8. O-O
Re8 9. Qc2 h6 10. Bh4 Qe7 11. d5 Nb8 12. e4 Nbd7 13. b4 Nf8 14. c4 g5 15. Bg3
Ng6 16. c5 Nf4 17. Rac1 Bd7 18. Rfe1 Nh7 19. Bf1 h5 20. Nc4 Qf6 21. Bxf4 gxf4
22. h3 Kh8 23. b5 b6 24. cxd6 cxd6 25. Ncd2 Qe7 26. a4 Rg8 27. a5 bxa5 28. Qc7
a4 29. Qa5 Bf8 30. Kh1 Qf6 31. Rc7 Bg4 32. Rxa7 Rxa7 33. Qxa7 Qg6 34. b6 Nf6 35.
b7 Nd7 36. b8=Q Nxb8 37. Qxb8 Be7 38. Qa7 Qf6 39. Qxa4 Bd8 40. Qa3 Bb6 41. Re2
Bc5 42. Qd3 Qg7 43. hxg4 hxg4 44. Nh4 g3 45. fxg3 Qh6 46. Nf3 Rxg3 47. Qb5 Rg4
48. Qe8+ Kg7 49. Qd8 Qh5 50. g3 fxg3 51. Rg2 Rg6 52. Be2 Be3 53. Nh2 Qg5 54.
Nf5+ Qxf5 55. exf5 gxh2 56. fxg6 1-0

[Event "Mondiale Lampo FIDE 2019"]
[Site "Mosca"]
[Date "30.12.2019"]
[Round "19.21"]
[White "Vitiugov, Nikita"]
[Black "Predke, Alexandr"]
[Result "0-1"]
[WhiteTitle "GM"]
[BlackTitle "GM"]
[WhiteElo "2747"]
[BlackElo "2676"]
[WhiteFideId "4152956"]
[BlackFideId "24107581"]
[EventDate "2019.12.29"]

1. Nf3 Nf6 2. g3 b6 3. Bg2 Bb7 4. O-O g6 5. c4 c5 6. b3 Bg7 7. Bb2 O-O 8. Nc3 d6
9. d4 cxd4 10. Nxd4 Bxg2 11. Kxg2 Qd7 12. Qd3 Nc6 13. Rac1 Rac8 14. Rfd1 Rfd8
15. f3 a6 16. Nxc6 Rxc6 17. a4 Rcc8 18. e4 h5 19. Qe2 Qb7 20. Rc2 e6 21. Rcd2
Ne8 22. Rd3 Qe7 23. Na2 Bxb2 24. Qxb2 b5 25. axb5 axb5 26. cxb5 Rc5 27. Nc3 Rdc8
28. b6 R5c6 29. Qf2 Rxc3 30. Rxc3 Rxc3 31. Qd4 Rxb3 32. Rd2 e5 33. Qf2 Qb7 34.
Rb2 Rxb2 35. Qxb2 Nc7 36. Qb4 Na8 37. Qxd6 Nxb6 38. Qxe5 Qc6 39. Qd4 Nd7 40. h4
Nf8 41. Qd8 Qc3 42. f4 Kg7 43. f5 Qe5 44. Kf3 Qc3+ 45. Kg2 Qc2+ 46. Kf3 Qb3+ 47.
Kf2 Qb2+ 48. Kf3 Qf6 49. Qd5 Ne6 50. Kg2 gxf5 51. exf5 Nd4 52. Kh2 Nxf5 53. Qf3
Kg6 54. Qf4 Nh6 55. Qe4+ Qf5 56. Qc6+ Kg7 57. Qc3+ Kh7 58. Kg1 Ng4 59. Qd2 Qb1+
60. Kg2 Qb7+ 61. Kg1 Qb6+ 62. Kg2 Qc6+ 63. Kg1 Qe4 64. Qc3 Qe3+ 0-1

[Event "Mondiale Lampo FIDE 2019"]
[Site "Mosca"]
[Date "30.12.2019"]
[Round "19.22"]
[White "Gelfand, Boris"]
[Black "Adhiban, Baskaran"]
[Result "1-0"]
[WhiteTitle "GM"]
[BlackTitle "GM"]
[WhiteElo "2684"]
[BlackElo "2654"]
[WhiteFideId "2805677"]
[BlackFideId "5018471"]
[EventDate "2019.12.29"]

1. d4 Nf6 2. c4 g6 3. Nc3 Bg7 4. e4 d6 5. Nf3 O-O 6. Be2 e5 7. O-O Nc6 8. d5 Ne7
9. Bg5 Nh5 10. g3 f5 11. exf5 Bxf5 12. Nh4 Bh3 13. Bxh5 gxh5 14. Qxh5 Bxf1 15.
Rxf1 Qe8 16. Qg4 Kh8 17. Nb5 Nxd5 18. Qe4 a6 19. Nxd6 cxd6 20. cxd5 Rc8 21. Be3
Qb5 22. b3 Rc3 23. Nf5 Qd3 24. Nxd6 Qxe4 25. Nxe4 Rd3 26. d6 Rc8 27. Bc5 a5 28.
Bb6 Rc2 29. Bxa5 Rxa2 30. Rc1 Rxa5 31. Rc8+ Bf8 32. Rxf8+ Kg7 33. Rc8 Rb5 34. h4
Rbxb3 35. Rc7+ Kg6 36. Re7 Kf5 37. Nc5 Rb1+ 38. Kg2 Rxd6 39. Nxb7 Rd2 40. Nc5
Rc1 41. Nb3 Rxf2+ 42. Kxf2 Rc2+ 43. Kf1 Rc3 44. Nd2 Rxg3 45. Rxh7 Kg4 46. Ne4
Ra3 47. Kg2 Ra2+ 48. Nf2+ Kf4 49. Rf7+ Ke3 50. h5 Ra6 51. Kg3 e4 52. Ng4+ Kd4
53. Rd7+ Kc5 54. Kf4 Re6 55. Ke3 Kc6 56. Rd4 Re7 57. h6 Re6 58. Rxe4 Rg6 59. Kf4
Kd5 60. Kf5 Rg8 61. Nf6+ 1-0

[Event "Mondiale Lampo FIDE 2019"]
[Site "Mosca"]
[Date "30.12.2019"]
[Round "19.23"]
[White "Paravyan, David"]
[Black "Zhigalko, Sergei"]
[Result "0-1"]
[WhiteTitle "GM"]
[BlackTitle "GM"]
[WhiteElo "2629"]
[BlackElo "2571"]
[WhiteFideId "4194985"]
[BlackFideId "13502956"]
[EventDate "2019.12.29"]

1. e4 c5 2. Nf3 Nc6 3. Bb5 Nf6 4. Nc3 Qc7 5. O-O Nd4 6. Re1 a6 7. Bf1 Ng4 8. g3
Nxf3+ 9. Qxf3 Ne5 10. Qe2 e6 11. b3 Be7 12. Bb2 O-O 13. Nd1 b5 14. a4 b4 15. Ne3
Bb7 16. f4 Nc6 17. Bg2 Nd4 18. Qf2 d6 19. d3 Rfe8 20. h4 Rad8 21. h5 h6 22. Kh2
Bf8 23. Ng4 f5 24. exf5 exf5 25. Ne3 Bxg2 26. Qxg2 Qf7 27. Kg1 d5 28. g4 fxg4
29. Nxg4 Qxf4 30. Rf1 Qg5 31. Bc1 Ne2+ 32. Qxe2 Rxe2 33. Bxg5 hxg5 34. Rf2 Rde8
35. Raf1 c4 36. Rxe2 Rxe2 37. dxc4 dxc4 38. bxc4 Rxc2 39. Rf3 Rxc4 40. Ne5 Rc3
41. Rf5 b3 42. Ng6 Bc5+ 43. Kg2 b2 44. Re5 b1=Q 0-1

[Event "Mondiale Lampo FIDE 2019"]
[Site "Mosca"]
[Date "30.12.2019"]
[Round "19.24"]
[White "Wojtaszek, Radoslaw"]
[Black "Sakaev, Konstantin"]
[Result "1-0"]
[WhiteTitle "GM"]
[BlackTitle "GM"]
[WhiteElo "2725"]
[BlackElo "2596"]
[WhiteFideId "1118358"]
[BlackFideId "4104226"]
[EventDate "2019.12.29"]

1. c4 c6 2. Nf3 d5 3. e3 Nf6 4. Qc2 g6 5. b3 Bg7 6. Bb2 O-O 7. Be2 b6 8. O-O Bb7
9. d4 Nbd7 10. Nc3 Rc8 11. Rad1 Qc7 12. Ne5 Nxe5 13. dxe5 Nd7 14. f4 dxc4 15.
Bxc4 Nc5 16. b4 Ba6 17. Bxa6 Nxa6 18. Qa4 Qb7 19. e6 fxe6 20. Qb3 Nc7 21. Rd7
Rcd8 22. Rxe7 Bf6 23. Qxe6+ Nxe6 24. Rxb7 Rd3 25. Nd1 Bxb2 26. Nxb2 Rxe3 27. g3
Re2 28. Nc4 Rd8 29. Rf2 Rxf2 30. Kxf2 b5 31. Ne5 Rd2+ 32. Ke3 Rxa2 33. Nxc6 a6
34. g4 Rc2 35. Ne7+ Kf8 36. Nd5 h5 37. f5 gxf5 38. gxf5 Ng7 39. f6 Ne6 40. Ke4
Rxh2 41. Kf5 Nd4+ 42. Ke5 Nc6+ 43. Kd6 Nd4 44. Nf4 Rf2 45. Ng6+ Ke8 46. f7+ 1-0

[Event "Mondiale Lampo FIDE 2019"]
[Site "Mosca"]
[Date "30.12.2019"]
[Round "19.25"]
[White "Salgado Lopez, Ivan"]
[Black "Dreev, Aleksey"]
[Result "1/2-1/2"]
[WhiteTitle "GM"]
[BlackTitle "GM"]
[WhiteElo "2605"]
[BlackElo "2677"]
[WhiteFideId "2257327"]
[BlackFideId "4100107"]
[EventDate "2019.12.29"]

1. e4 c6 2. d4 d5 3. exd5 cxd5 4. Bd3 Nc6 5. c3 Qc7 6. h3 g6 7. Nf3 Bf5 8. Be2
Nf6 9. O-O Bg7 10. Be3 O-O 11. Nbd2 Rfe8 12. Re1 a6 13. Nf1 Ne4 14. N3d2 e5 15.
dxe5 Nxe5 16. Bd4 Bh6 17. Nf3 Nc4 18. Bxc4 dxc4 19. Ne3 Be6 20. Qc2 Nc5 21. Ne5
Bg7 22. N5xc4 b5 23. Bxg7 Kxg7 24. Nd2 Rad8 25. Nf3 Bc8 26. Nd4 Bb7 27. Rad1 Qf4
28. Qe2 h5 29. f3 h4 30. Qf2 Kg8 31. Nf1 Rxe1 32. Qxe1 Qf6 33. Ne3 Bc8 34. Qf2
Na4 35. Re1 b4 36. Qc2 bxc3 37. Qxa4 Qxd4 38. Qxd4 Rxd4 39. bxc3 Rd2 40. Nc4 Rd8
41. Re2 Be6 42. Ne3 Rd3 43. c4 Rc3 44. Kf2 Bxc4 45. Nxc4 Rxc4 46. Rb2 Rc3 47.
Ke2 Kg7 48. Kd2 Ra3 49. Kc2 Ra5 50. Kb1 Kf6 51. Rb4 Rg5 52. Rxh4 Rxg2 53. Ra4
Rg3 54. Ra5 1/2-1/2

[Event "Mondiale Lampo FIDE 2019"]
[Site "Mosca"]
[Date "30.12.2019"]
[Round "19.26"]
[White "Cheparinov, Ivan"]
[Black "Socko, Bartosz"]
[Result "1-0"]
[WhiteTitle "GM"]
[BlackTitle "GM"]
[WhiteElo "2687"]
[BlackElo "2618"]
[WhiteFideId "2905540"]
[BlackFideId "1107038"]
[EventDate "2019.12.29"]

1. d4 Nf6 2. Nf3 e6 3. c4 b6 4. g3 Bb7 5. Bg2 c5 6. d5 exd5 7. cxd5 Bxd5 8. Nc3
Bxf3 9. Bxf3 Nc6 10. O-O Be7 11. Bf4 O-O 12. Qa4 a6 13. Bxc6 dxc6 14. Qxc6 b5
15. Rfd1 Qc8 16. Qf3 Qe6 17. e4 Rac8 18. e5 Nd7 19. Nd5 Rfd8 20. Re1 c4 21. h4
h6 22. Rad1 Nc5 23. Nxe7+ Qxe7 24. Qg4 Qe6 25. Qxe6 Nxe6 26. Be3 Rxd1 27. Rxd1
Rd8 28. Rxd8+ Nxd8 29. h5 Kf8 30. Kg2 Ke7 31. Kf3 Ke6 32. Ke4 Nc6 33. f4 f5+ 34.
exf6 Kxf6 35. g4 Nb4 36. a3 Nd3 37. Bd4+ Kf7 38. g5 hxg5 39. fxg5 g6 40. h6 Kg8
41. Kd5 Ne1 42. Kc5 Nc2 43. Bc3 Ne3 44. Kb6 Nd5+ 45. Kxa6 Nc7+ 46. Kb6 Ne6 47.
Bf6 c3 48. bxc3 1-0

[Event "Mondiale Lampo FIDE 2019"]
[Site "Mosca"]
[Date "30.12.2019"]
[Round "19.27"]
[White "Safarli, Eltaj"]
[Black "Quparadze, Giga"]
[Result "1/2-1/2"]
[WhiteTitle "GM"]
[BlackTitle "GM"]
[WhiteElo "2601"]
[BlackElo "2462"]
[WhiteFideId "13402129"]
[BlackFideId "13602250"]
[EventDate "2019.12.29"]

1. e4 c5 2. Nc3 e6 3. Nf3 a6 4. g3 b5 5. Bg2 Bb7 6. d3 Nf6 7. O-O d5 8. exd5
Nxd5 9. a4 Be7 10. axb5 Nxc3 11. bxc3 axb5 12. Rb1 b4 13. cxb4 cxb4 14. Bd2 Na6
15. c3 O-O 16. cxb4 Qxd3 17. Ne5 Qb5 18. Bxb7 Qxb7 19. b5 Nc7 20. Nc6 Bf6 21.
Qf3 Nxb5 22. Bb4 Rfe8 23. Rfc1 Qd7 24. Rd1 Nd4 25. Nxd4 Bxd4 26. Bc5 e5 27. Rb7
Qe6 28. Bxd4 exd4 29. Rxd4 Rf8 30. Kg2 Rac8 31. Rdd7 h6 32. h4 Rc5 33. Re7 Qd5 1/2-1/2

[Event "Mondiale Lampo FIDE 2019"]
[Site "Mosca"]
[Date "30.12.2019"]
[Round "19.28"]
[White "Castellanos Rodriguez, Renier"]
[Black "Tari, Aryan"]
[Result "1-0"]
[WhiteTitle "IM"]
[BlackTitle "GM"]
[WhiteElo "2474"]
[BlackElo "2634"]
[WhiteFideId "3404650"]
[BlackFideId "1510045"]
[EventDate "2019.12.29"]

1. e4 e5 2. Nf3 Nc6 3. Bc4 Nf6 4. d3 Bc5 5. c3 a6 6. O-O Ba7 7. Bb3 d6 8. Re1
O-O 9. h3 h6 10. Nbd2 Be6 11. Bxe6 fxe6 12. Nf1 Qe8 13. Be3 Nh5 14. b4 Nf4 15.
Ng3 Qf7 16. Bxa7 Nxa7 17. Re3 Nc6 18. a4 Qg6 19. b5 axb5 20. axb5 Ne7 21. Kh2
Qf6 22. d4 Neg6 23. Rxa8 Rxa8 24. Qb3 Rf8 25. Qd1 Kh7 26. Kg1 Nxg2 27. Nh5 Qf7
28. Kxg2 Nh4+ 29. Nxh4 Qxf2+ 30. Kh1 Qxe3 31. Qg4 Qg5 32. Kg2 Qd2+ 33. Kg1 Qe3+
34. Kh2 Qg5 35. Kg2 Qd2+ 36. Kg1 g5 37. Nf3 Qe3+ 38. Kg2 Qxc3 39. h4 Qe3 40.
hxg5 hxg5 41. Nxg5+ Kh6 42. Nf3 Rf7 1-0

[Event "Mondiale Lampo FIDE 2019"]
[Site "Mosca"]
[Date "30.12.2019"]
[Round "19.29"]
[White "Le, Quang Liem"]
[Black "Bluebaum, Matthias"]
[Result "1/2-1/2"]
[WhiteTitle "GM"]
[BlackTitle "GM"]
[WhiteElo "2713"]
[BlackElo "2644"]
[WhiteFideId "12401137"]
[BlackFideId "24651516"]
[EventDate "2019.12.29"]

1. e4 e6 2. d4 d5 3. Nc3 Nf6 4. e5 Nfd7 5. f4 c5 6. Nf3 Nc6 7. Be3 a6 8. Ne2 Qb6
9. Qc1 Be7 10. g3 f6 11. c3 cxd4 12. cxd4 O-O 13. Bg2 fxe5 14. fxe5 Qb5 15. Nc3
Qd3 16. Qd2 Qxd2+ 17. Kxd2 b5 18. Rhf1 Nb6 19. b3 Bd7 20. Ne2 a5 21. Nf4 Rfc8
22. Bh3 Nd8 23. Nd3 Nb7 24. Ng5 Rc6 25. Rac1 Rac8 26. Rxc6 Rxc6 27. Rc1 Rxc1 28.
Kxc1 Nd8 29. Nc5 Bxc5 30. dxc5 Nc8 31. Bd2 h6 32. Nf3 Nc6 33. Bf1 b4 34. Kb2
N8e7 35. a3 Ng6 36. axb4 axb4 37. h4 Kf7 38. h5 Nge7 39. g4 Nc8 40. Bd3 N8e7 41.
Kc2 Kg8 42. Kd1 Na5 43. Bxb4 Nxb3 44. Kc2 Ba4 45. Kc3 d4+ 46. Kc4 Nd5 47. Ba3
Na5+ 48. Kxd4 Nc6+ 49. Ke4 Bd1 50. Bb2 Ncb4 51. Bc4 Kf7 52. Nd4 Bxg4 53. c6 Nb6
54. c7 N4d5 55. Bxd5 exd5+ 56. Kf4 Be6 57. Ba3 Nc8 58. Bc5 Bd7 59. Ke3 Bg4 60.
Kf4 Bd7 61. Ne2 Be6 62. Nc3 Ke8 63. Ke3 Bf7 64. Kd4 Bxh5 65. e6 Bg4 66. Kxd5 h5
67. Nb5 Bf3+ 68. Ke5 h4 69. Bf2 h3 70. Bg3 Bb7 71. Nd4 g6 72. Kf6 Ne7 73. Nb5
Nc8 74. Kxg6 Ke7 75. Kf5 Ba6 76. Nd4 Nd6+ 77. Ke5 Nc4+ 78. Kd5 Ne3+ 79. Kc6 Bc8
80. Bd6+ Kf6 81. e7 Kf7 82. Nb5 Nf5 83. Bh2 Nxe7+ 84. Kd6 Nf5+ 85. Ke5 Ke8 86.
Na7 Ne7 87. Kd6 Bg4 88. Nb5 Nc8+ 89. Ke5 Kd7 90. Kf4 Be2 1/2-1/2

[Event "Mondiale Lampo FIDE 2019"]
[Site "Mosca"]
[Date "30.12.2019"]
[Round "19.30"]
[White "Zvjaginsev, Vadim"]
[Black "Korobov, Anton"]
[Result "0-1"]
[WhiteTitle "GM"]
[BlackTitle "GM"]
[WhiteElo "2627"]
[BlackElo "2668"]
[WhiteFideId "4113403"]
[BlackFideId "14105730"]
[EventDate "2019.12.29"]

1. Nf3 Nf6 2. c4 e6 3. Nc3 d5 4. e3 c6 5. b3 Nbd7 6. Bb2 Bd6 7. d4 O-O 8. Bd3 e5
9. cxd5 cxd5 10. dxe5 Nxe5 11. h3 Re8 12. O-O a6 13. Rc1 Qe7 14. Na4 Ned7 15.
Bb1 b5 16. Nc3 Ne5 17. Nd4 Bd7 18. Nce2 Ng6 19. Nc6 Bxc6 20. Rxc6 Ne5 21. Rc1
Rad8 22. Nd4 Bb8 23. Nf5 Qe6 24. Qd4 Ne4 25. Bxe4 dxe4 26. Qxe4 Nd3 27. Qxe6
fxe6 28. Nxg7 Nxc1 29. Rxc1 Re7 30. Bf6 Rc7 31. Rxc7 Rd1+ 32. Kh2 Bxc7+ 33. f4
Kf7 34. Nh5 Bb6 35. e4 Rd2 36. Be5 Rxa2 37. Nf6 h6 38. Kg3 a5 39. Nd7 Bf2+ 40.
Kg4 a4 41. bxa4 bxa4 42. Kh5 Bg3 43. Kxh6 a3 44. Kh5 Rxg2 0-1

[Event "Mondiale Lampo FIDE 2019"]
[Site "Mosca"]
[Date "30.12.2019"]
[Round "19.31"]
[White "Golubov, Saveliy"]
[Black "Dominguez Perez, Leinier"]
[Result "0-1"]
[WhiteTitle "IM"]
[BlackTitle "GM"]
[WhiteElo "2469"]
[BlackElo "2758"]
[WhiteFideId "24176729"]
[BlackFideId "3503240"]
[EventDate "2019.12.29"]

1. d4 Nf6 2. Nf3 d5 3. c3 Bf5 4. Bf4 e6 5. Nbd2 Bd6 6. Ne5 Nfd7 7. e3 Nxe5 8.
dxe5 Be7 9. Be2 O-O 10. O-O c5 11. Bf3 Bd3 12. Re1 Nc6 13. e4 d4 14. Be2 Bxe2
15. Qxe2 Qa5 16. Nb3 Qa4 17. Qg4 Rfd8 18. Bh6 g6 19. Qg3 dxc3 20. bxc3 c4 21.
Nd2 Rd3 22. Nf3 Rad8 23. Qf4 Rd1 24. h4 Rxa1 25. Rxa1 Rd1+ 26. Rxd1 Qxd1+ 27.
Kh2 Qd8 28. Bg5 b5 29. Bf6 b4 30. cxb4 c3 31. Qe3 Bxf6 32. Qxc3 Nxe5 33. Nxe5
Bxe5+ 34. Qxe5 Qxh4+ 35. Kg1 Qd8 36. Qc5 a6 37. f3 h5 38. Qc4 Qd1+ 39. Kh2 Qd6+
40. Kg1 h4 41. Qc5 Qg3 42. Qf2 Qf4 43. Qe2 Qc1+ 44. Kh2 Qc7+ 45. Kh1 Qc1+ 46.
Kh2 Qf4+ 47. Kg1 Qc1+ 48. Kh2 Qc7+ 49. Kh1 Qd6 50. a3 Qc6 51. Qe3 Qd6 52. Kg1
Kg7 53. Qc3+ Kg8 54. Qe3 Kg7 55. f4 Kg8 56. Qf2 Qd1+ 57. Kh2 Qd3 58. Qf3 Qd4 59.
Kh3 Qf6 60. e5 Qd8 61. Qe2 Qc8 62. Kxh4 Kg7 63. Kg3 Qc3+ 64. Qf3 Qb2 65. Qd3 Qc1
66. Kf3 Qc6+ 67. Kf2 Qb6+ 68. Qe3 Qc6 69. Qd3 Qc1 70. g3 Qc6 71. Ke3 Kh6 72. Kf2
Kg7 73. Qe3 Qc4 74. g4 Kg8 75. Kg3 Kg7 76. Kf3 Qf1+ 77. Kg3 Qc4 78. Kf2 Kg8 79.
Ke1 Kg7 80. Kd2 Qa2+ 81. Kc1 Qa1+ 82. Kc2 Qa2+ 83. Kd1 Qb1+ 84. Ke2 Qb2+ 85. Kf3
Qc2 86. Qe2 Qc3+ 87. Qe3 Qc2 88. Kg3 Kg8 89. Qf3 Kg7 90. Kh3 Qd2 91. Kg3 Qe1+
92. Kg2 Qd2+ 93. Kh3 Qe1 94. Qd3 Qf2 95. f5 exf5 96. gxf5 Qf4 97. f6+ Kh6 98.
Qg3 Qf5+ 99. Kh2 Qc2+ 100. Kh3 Qf5+ 101. Qg4 Qd3+ 102. Kg2 Qc2+ 103. Kg3 Qc3+
104. Kg2 Qb2+ 105. Kh3 Qxa3+ 106. Kg2 Qb2+ 107. Kf3 Qxe5 108. Qc4 Qxf6+ 109. Kg3
Qe5+ 110. Kf2 Qf5+ 111. Kg3 Qe6 112. Qd4 Kh7 113. Qh4+ Kg7 114. Qd4+ Qf6 115.
Qc5 g5 116. Kg2 Kg6 117. Qc2+ Kh6 118. Qc5 Qe6 119. Qd4 f6 120. Qc5 Qe2+ 121.
Kg1 Qe1+ 122. Kg2 Qe6 123. Kf3 Kg6 124. Kg2 f5 125. Qc3 Qe4+ 126. Kg3 Qg4+ 127.
Kf2 Qf4+ 128. Kg1 Qd6 129. Qc4 f4 130. Qe4+ Kf6 131. Qc4 Kf5 132. Qc2+ Kf6 133.
Qc4 Qe6 134. Qd4+ Kg6 135. Qd3+ Kh6 136. Kg2 g4 137. Qd8 Kg6 138. Qd3+ Kg5 139.
Qd4 Qe2+ 140. Kh1 Qf1+ 0-1

[Event "Mondiale Lampo FIDE 2019"]
[Site "Mosca"]
[Date "30.12.2019"]
[Round "19.32"]
[White "Petrov, Nikita"]
[Black "Amin, Bassem"]
[Result "1/2-1/2"]
[WhiteTitle "GM"]
[BlackTitle "GM"]
[WhiteElo "2585"]
[BlackElo "2683"]
[WhiteFideId "4101286"]
[BlackFideId "10601457"]
[EventDate "2019.12.29"]

1. c4 f5 2. d4 Nf6 3. g3 e6 4. Bg2 Be7 5. Nf3 O-O 6. O-O d6 7. Nc3 Qe8 8. Re1
Qg6 9. Qc2 Ne4 10. Nd2 Nxc3 11. bxc3 e5 12. c5 Nc6 13. Ba3 e4 14. cxd6 Bxd6 15.
Bxd6 cxd6 16. e3 Be6 17. Rab1 b6 18. c4 d5 19. cxd5 Bxd5 20. Bf1 Kh8 21. Bc4
Bxc4 22. Nxc4 Rac8 23. Qe2 f4 24. d5 f3 25. Qf1 Ne7 26. Red1 Rfd8 27. d6 Nf5 28.
d7 Rc7 29. Rbc1 Qe6 30. Qh3 g6 31. g4 Ne7 32. Qg3 Rcxd7 33. Rxd7 Rxd7 34. h3 Kg7
35. Qf4 Nd5 36. Qb8 Rc7 37. Rc2 Qc8 38. Qxc8 Rxc8 39. Na3 Rxc2 40. Nxc2 Nc3 41.
a3 b5 42. Kf1 Kf6 43. h4 h5 44. gxh5 gxh5 45. Ke1 Kf5 46. Kd2 Nd5 47. Nd4+ Kg4
48. Nxb5 a6 49. Nd6 Nf6 50. Kc3 Kxh4 51. Kd4 Kg5 52. Nc4 h4 53. Nd2 h3 54. Nf1
Kf5 55. a4 Ng4 56. Ng3+ Ke6 57. Kxe4 Nxf2+ 58. Kxf3 Nd1 59. Kg4 h2 60. Kh3 a5
61. Kxh2 Nc3 62. Kg2 Nxa4 63. Kf2 Nc3 64. Ke1 Kd5 65. Kd2 Kc4 66. Kc2 a4 67. Kb2
Kb4 68. Nf1 a3+ 69. Ka1 Ne4 70. Ka2 Ka4 71. Nh2 Nc3+ 72. Ka1 Kb3 73. Nf3 Nd5 74.
Nd4+ Ka4 75. Nc2 Nxe3 76. Nxa3 1/2-1/2

[Event "Mondiale Lampo FIDE 2019"]
[Site "Mosca"]
[Date "30.12.2019"]
[Round "19.33"]
[White "Iturrizaga Bonelli, Eduardo"]
[Black "Abdusattorov, Nodirbek"]
[Result "1-0"]
[WhiteTitle "GM"]
[BlackTitle "GM"]
[WhiteElo "2597"]
[BlackElo "2635"]
[WhiteFideId "3901211"]
[BlackFideId "14204118"]
[EventDate "2019.12.29"]

1. c4 Nf6 2. g3 e6 3. Nf3 b6 4. Bg2 Bb7 5. O-O Be7 6. b3 O-O 7. Bb2 c5 8. e3 d6
9. Qe2 Nbd7 10. Nc3 a6 11. Rfd1 Qc7 12. Rac1 Rac8 13. d3 Rfd8 14. h3 Qb8 15. g4
Qa8 16. e4 Nb8 17. Qe3 Nc6 18. d4 cxd4 19. Nxd4 Nd7 20. Nde2 h6 21. Kh1 Nce5 22.
f4 Ng6 23. Kh2 e5 24. f5 Bg5 25. Qf2 Nf4 26. h4 Bf6 27. Nxf4 exf4 28. Nd5 Bxd5
29. exd5 Bxb2 30. Qxb2 b5 31. Qd4 Ne5 32. Qxf4 f6 33. g5 hxg5 34. hxg5 fxg5 35.
Qxg5 Rf8 36. Be4 Qa7 37. Rg1 bxc4 38. Rg2 Qf7 39. Rcg1 Rc7 40. bxc4 Qf6 41. c5
Rff7 42. c6 Qxg5 43. Rxg5 g6 44. fxg6 Rf4 45. Bg2 Re7 46. g7 Rc4 47. Rf1 Rxg7
48. Rxg7+ Kxg7 49. Kg3 a5 50. Bh3 Rc3+ 51. Kg2 a4 52. Be6 a3 53. Rf2 Kg6 54.
Bf5+ Kg5 55. Be6 Nd3 56. Rf7 Nf4+ 57. Kf2 Nd3+ 58. Ke2 Nb4 59. c7 Nxa2 60. c8=Q
Nc1+ 61. Kd2 Rxc8 62. Bxc8 a2 63. Ra7 Nb3+ 64. Kc3 a1=R 65. Rxa1 Nxa1 66. Kb2 1-0

[Event "Mondiale Lampo FIDE 2019"]
[Site "Mosca"]
[Date "30.12.2019"]
[Round "19.34"]
[White "Salem, A.R. Saleh"]
[Black "Yuffa, Daniil"]
[Result "1-0"]
[WhiteTitle "GM"]
[BlackTitle "GM"]
[WhiteElo "2675"]
[BlackElo "2566"]
[WhiteFideId "9301348"]
[BlackFideId "24131423"]
[EventDate "2019.12.29"]

1. d4 Nf6 2. c4 e6 3. Nc3 Bb4 4. e3 O-O 5. Bd3 c5 6. Nf3 d5 7. O-O cxd4 8. exd4
dxc4 9. Bxc4 b6 10. Re1 Bb7 11. Bd3 Nc6 12. a3 Bxc3 13. bxc3 Ne7 14. h3 Rc8 15.
Bb2 Ng6 16. c4 Qd6 17. a4 Qf4 18. Re3 a5 19. Qb3 Qc7 20. Rb1 Ba6 21. Rc1 Bb7 22.
Bf1 Rfd8 23. Ba1 Ne7 24. Bd3 Ng6 25. Rb1 Ba6 26. Nd2 Rb8 27. Bf1 Qf4 28. Qc2 Qc7
29. Reb3 Nd5 30. Qb2 Nb4 31. d5 f6 32. dxe6 Nf4 33. Ne4 Qe7 34. Rg3 Rf8 35.
Nxf6+ Rxf6 36. Qxf6 Qxf6 37. Bxf6 Nxe6 38. Rd1 Kf7 39. Bxg7 Nc5 40. Be2 Ne4 41.
Bh5+ Ke6 42. Re3 Bb7 43. f3 Rg8 44. Bc3 Nc2 45. Re2 1-0

[Event "Mondiale Lampo FIDE 2019"]
[Site "Mosca"]
[Date "30.12.2019"]
[Round "19.35"]
[White "Motylev, Alexander"]
[Black "Timofeev, Artyom"]
[Result "1-0"]
[WhiteTitle "GM"]
[BlackTitle "GM"]
[WhiteElo "2640"]
[BlackElo "2588"]
[WhiteFideId "4121830"]
[BlackFideId "4140419"]
[EventDate "2019.12.29"]

1. e4 e5 2. Nf3 Nf6 3. d4 Nxe4 4. dxe5 d5 5. Nbd2 Nc5 6. Be2 Be7 7. O-O O-O 8.
Re1 Bf5 9. Nd4 Bg6 10. f4 Ne6 11. N2f3 Nxd4 12. Nxd4 c5 13. f5 cxd4 14. fxg6
fxg6 15. Bd3 Nc6 16. Qg4 Qc8 17. Qxc8 Raxc8 18. a3 Nd8 19. Bd2 Ne6 20. Bb4 Bc5
21. g3 b6 22. Kg2 a5 23. Bd2 Be7 24. b4 Bg5 25. Bxg5 Nxg5 26. bxa5 bxa5 27. Rab1
Ne6 28. Rb5 Nc5 29. Rxa5 Nxd3 30. cxd3 Rc2+ 31. Kh3 h5 32. e6 Rff2 33. Kh4 Kh7
34. Rxd5 Rxh2+ 35. Kg5 Rcf2 36. e7 Rhg2 37. e8=Q Rxg3+ 38. Kh4 Rg4+ 39. Kh3 Rf3+
40. Kh2 Rf2+ 41. Kh1 Rh4+ 42. Kg1 Rhh2 43. Rg5 1-0